000 00565nam a2200217Ia 4500
003 OSt
005 20220924122033.0
006 a|||||r|||| 00| 0
007 ta
008 220923b |||||||| |||| 00| 0 urd d
024 _a307682
037 _cTextual
040 _aARTS
_cARTS
_burd
041 _2urd
_aurd
082 _aW,2,M, 168E9
100 _aNazar Mohammad
_9188028
245 0 _aMushahir-e-hind
260 _aLahor
_bIslamia Isteem Press
_c1991
942 _hW,2,M, 168E9
_cTEXL
_2CC
999 _c409946
_d409946